<Die> neue Weltwirtschaft <das> Ende der nationalen Ökonomie : ein elegante und scharfsinnige Analyse

Na minha lista:
Detalhes bibliográficos
Autor principal: Reich, Robert B.
Outros Autores: Seebohm, Hans-Ulrich
Formato: Livro
Idioma:alemão
Publicado em: Frankfurt/M Ullstein 1993
Edição:1. Aufl.
Assuntos:
Tags: Adicionar Tag
Sem tags, seja o primeiro a adicionar uma tag!

MARC

LEADER 00000nam a2200000 4500
001 c004584
005 20221206074809.7
020 |a 3-550-06824-7 
041 0 |a ger 
044 |a DE 
245 1 0 |a <Die> neue Weltwirtschaft  |b <das> Ende der nationalen Ökonomie : ein elegante und scharfsinnige Analyse  |c Robert B. Reich ; Prekl. Hans-Ulrich Seebohm 
250 |a 1. Aufl. 
264 1 |a Frankfurt/M  |b Ullstein  |c 1993 
300 |a 415 s. 
610 2 0 |a hospodárstvo svetové 
610 2 0 |a spoločnosť 
610 2 0 |a dejiny myslenia ekonomického 
610 2 0 |a problémy globálne 
610 2 0 |a svet 
610 2 0 |a trh svetový 
610 2 0 |a prognózy 
610 2 0 |a vývoj hospodársky 
610 2 0 |a firmy 
610 2 0 |a technológie nové 
610 2 0 |a systémy ekonomické 
100 1 |a Reich, Robert B. 
700 1 |a Seebohm, Hans-Ulrich